Guess the Niall Horan song with no hints #12 - Statistics

General Stats
  • This quiz has been taken 21 times
  • The average score is 135 of 197
Answer Stats
Answer % Correct
a
95%
the
95%
The
95%
you
90%
You
90%
you)
90%
your
90%
in
85%
it
85%
when
85%
And
80%
Is
80%
is
80%
It's
80%
it's
80%
to
80%
all
75%
Can
75%
can
75%
feel
75%
just
75%
love
75%
not
75%
on
75%
So,
75%
too
75%
you're
75%
do
70%
from
70%
if
70%
nothin'
70%
Oh,
70%
beatin'
65%
chest
65%
down
65%
down)
65%
have
65%
heart
65%
left
65%
much?
65%
now
65%
science
65%
still
65%
there's
65%
Are
60%
break
60%
Don't
60%
(Don't
60%
out
60%
beneath?
55%
But
55%
cold
55%
let
55%
little
55%
nowhere
55%
run
55%
runnin'
55%
stone
55%
under
55%
wanna
55%
what's
55%
alone
50%
cause
50%
feet?
50%
flood
50%
need
50%
numb?
50%
silence
50%
touch?
50%
You'll
50%
you've
50%
dance
45%
days
45%
got
45%
hide,
45%
late
45%
okay
45%
own
45%
scare
45%
somebody
45%
sun
45%
time
45%
will
45%
crashin'
40%
heavy
40%
Mm,
40%
Overthinkin',
40%
world's
40%
sinkin'
35%
shine
25%
No matching quizzes found
Score Distribution
Percent of People with Each Score
Percentile by Number Answered
Your Score History
You have not taken this quiz